| 000 | 00905nam a22002055i 4500 | ||
|---|---|---|---|
| 001 | 160160 | ||
| 003 | ES-MaACL | ||
| 005 | 20251001202757.0 | ||
| 008 | 991006s1848 fr |||| | fre d | ||
| 040 |
_aCCPB | B _bspa _cCCPB | B |
||
| 100 | 1 |
_aMoreau de Jonnès, Alexandre César, _d1808-1878 _9157326 |
|
| 245 | 1 | 3 |
_aLa Prusse, son progrès politique et social _b: suivi d'un exposé économique et statistique des réformes opérés depuis 1806 jusqu'a l'époque actuelle / _cpar A. Moreau de Jonnès fils ; traduit de l'allemand de M. Dieterici. |
| 260 |
_aParis : _bGuillaumin et Cie., Libraires, _c1848 ( _eCorbeil : _fimprimerie de Crété) |
||
| 300 |
_aXVI, 454 p. ; _c22 cm. |
||
| 651 | 4 |
_aPrusia- _xHistoria. _9137324 |
|
| 700 | 1 |
_aDieterici, Friedrich Heinrich, _d1821-1903 _9157324 |
|
| 852 |
_aES-MaACL _jG-10832 _z-- Enc. hol. |
||
| 999 |
_c160160 _d160160 |
||